000
00311nam a22001457a 4500
008
230907b ||||| |||| 00| 0 eng d
020
_a
9780684811086
041
_a
eng
080
_a
521
082
_a
521BRO
100
_a
19
101
_a
ASTR
245
_a
THE UNIVERSE BELOW
_c
BROAD.J.W
942
_2
udc
_c
BK
999
_c
60265
_d
60265